00735nam a2200253 u 45000010006000000050017000060080041000230350010000640350021000740400013000950410008001080820008001161000036001242450038001602500013001982600034002113000018002456500033002636500035002966500024003316500045003557000041004007000040004414523520260504071742.0960313s1983 spa  a45235 a(OCoLC)778109756 ccomduadb aspa 4a37210aGil de Ramirez, Rocio4auteaut10aTrabajitos alegres : manualidades aED. REV. aMedellín :bSusaeta,c1983. a127 páginas 7aEducación preescolar2lemb aHabilidad creativa - Educacion aJardines infantiles aTrabajos manuales - Ensenanza preescolar10aAgudelo de Vieira, Beatriz4auteaut10aRestrepo E., Ana Cristina4auteaut